Normal view MARC view

Entry Nombre personal

Number of records used in: 28

001 - NÚMERO DE CONTROL

  • campo de control: 242687

003 - IDENTIFICADOR DE NÚMERO DE CONTROL

  • campo de control: SpMaBN

005 - FECHA Y HORA DE LA ÚLTIMA TRANSACCIÓN

  • campo de control: 20260113170329.0

008 - ELEMENTOS DE DATO DE LONGITUD-FIJA

  • campo de control de longitud fija: 901120nn aijnnaabn a aaa

016 ## - NÚMERO DE CONTROL DE UNA AGENCIA BIBLIOGRÁFICA NACIONAL

  • Número de control del registro: BNE19900605089

024 7# - IDENTIFICADOR DE OTROS ESTÁNDARES

  • Número estándar o código: http://viaf.org/viaf/105151053/
  • Fuente: viaf

024 8# - IDENTIFICADOR DE OTROS ESTÁNDARES

  • Número estándar o código: https://data.cervantesvirtual.com/person/42343

024 7# - IDENTIFICADOR DE OTROS ESTÁNDARES

  • Número estándar o código: https://isni.org/isni/0000000368646417
  • Fuente: isni

024 7# - IDENTIFICADOR DE OTROS ESTÁNDARES

  • Número estándar o código: http://www.wikidata.org/entity/Q60025
  • Fuente: wikidata

040 ## - FUENTE DE CATALOGACIÓN

  • Centro catalogador/agencia de origen: SpMaBN
  • Lengua de catalogación: spa
  • Centro/agencia transcriptor: SpMaBN
  • Normas de descripción: rdc
  • Convención/Normas de encabezamiento de materia/tesauro: embne

046 ## - FECHAS CON CODIFICACIÓN ESPECIAL

  • Fecha de nacimiento: 1906
  • Fecha de la muerte: 1975

100 1# - ENCABEZAMIENTO-NOMBRE DE PERSONA

  • Nombre de persona: Arendt, Hannah,
  • Fechas asociadas al nombre: 1906-1975

370 ## - LUGAR ASOCIADO

  • Lugar de nacimiento: Alemania, Baja Sajonia, Hannover (Distrito), Hannover

372 ## - CAMPO DE ACTIVIDAD

  • Campo de actividad: Filosofía política

373 ## - GRUPO ASOCIADO

  • Grupo asociado: Academia Estadounidense de las Artes y las Ciencias
  • Grupo asociado: Academia Alemana de la Lengua y la Poesía
  • Grupo asociado: Academia Estadounidense de las Artes y las Letras
  • Fuente de información: Wikidata

374 ## - OCUPACIÓN

  • Ocupación: Escritores
  • Ocupación: Sociólogos
  • Ocupación: Profesores
  • Ocupación: Ensayistas
  • Ocupación: Politólogos
  • Ocupación: Historiadores
  • Ocupación: Filósofos

375 ## - GÉNERO/SEXO

  • Género: Femenino

377 ## - IDIOMA ASOCIADO

  • Término de lengua/lenguaje: Inglés
  • Término de lengua/lenguaje: Alemán

400 1# - TRAZADO DE VÉASE--NOMBRE DE PERSONA

  • Nombre de persona: Blucher, Hannah Arendt
  • Fechas asociadas al nombre: 1906-1975

670 ## - FUENTE DE DATOS ENCONTRADOS

  • Cita de la fuente: Lectures on Kant's political philosophy, 1982
  • Información encontrada: port. (Hannah, Arendt)

670 ## - FUENTE DE DATOS ENCONTRADOS

  • Cita de la fuente: Hombres en tiempos de oscuridad, 2001
  • Información encontrada: port. (Hannah Arendt) cub. (n. 1906-m. 1975)

670 ## - FUENTE DE DATOS ENCONTRADOS

  • Cita de la fuente: Name authorities, 1977-1982
  • Información encontrada: (Arendt, Hannah)